<?xml version="1.0" encoding="UTF-8"?>
<record
    xmlns:xsi="http://www.w3.org/2001/XMLSchema-instance"
    xsi:schemaLocation="http://www.loc.gov/MARC21/slim http://www.loc.gov/standards/marcxml/schema/MARC21slim.xsd"
    xmlns="http://www.loc.gov/MARC21/slim">

  <leader>03265nam a2200565Ia 4500</leader>
  <controlfield tag="001">6648</controlfield>
  <controlfield tag="008">241029s9999    xx            000 0 und d</controlfield>
  <datafield tag="010" ind1=" " ind2=" ">
    <subfield code="a">6274</subfield>
  </datafield>
  <datafield tag="041" ind1=" " ind2=" ">
    <subfield code="a">Espa&#xF1;ol</subfield>
  </datafield>
  <datafield tag="082" ind1=" " ind2=" ">
    <subfield code="a">TEA - 2017</subfield>
  </datafield>
  <datafield tag="245" ind1=" " ind2="0">
    <subfield code="a">Relaci&#xF3;n entre los niveles de depresi&#xF3;n y uso de redes sociales en los estudiantes de 3er. y 4to. del nivel medio en el Colegio Bautista Dominicano en Hato Mayor del Rey en la regi&#xF3;n este, Rep. Dom. Marzo 2017.</subfield>
  </datafield>
  <datafield tag="260" ind1=" " ind2=" ">
    <subfield code="a">Santo Domingo</subfield>
  </datafield>
  <datafield tag="300" ind1=" " ind2=" ">
    <subfield code="a">32</subfield>
  </datafield>
  <datafield tag="520" ind1=" " ind2=" ">
    <subfield code="a">67</subfield>
  </datafield>
  <datafield tag="630" ind1=" " ind2=" ">
    <subfield code="a">Adaptaci&#xF3;n Estudiantil</subfield>
  </datafield>
  <datafield tag="630" ind1=" " ind2=" ">
    <subfield code="a">Factores Emocionales</subfield>
  </datafield>
  <datafield tag="630" ind1=" " ind2=" ">
    <subfield code="a">Impacto Social</subfield>
  </datafield>
  <datafield tag="630" ind1=" " ind2=" ">
    <subfield code="a">Psicolog&#xED;a-Evaluaci&#xF3;n</subfield>
  </datafield>
  <datafield tag="630" ind1=" " ind2=" ">
    <subfield code="a">Tecnolog&#xED;a de la Informaci&#xF3;n y Comunicaci&#xF3;n (TICs)</subfield>
  </datafield>
  <datafield tag="650" ind1=" " ind2=" ">
    <subfield code="a">Tecnolog&#xED;a de la Informaci&#xF3;n y de la Comunicaci&#xF3;n (TICs)</subfield>
  </datafield>
  <datafield tag="690" ind1=" " ind2=" ">
    <subfield code="a">Elaborado</subfield>
  </datafield>
  <datafield tag="700" ind1=" " ind2=" ">
    <subfield code="e">asesor</subfield>
    <subfield code="a">De Dios Uriarte, Juan</subfield>
  </datafield>
  <datafield tag="700" ind1=" " ind2=" ">
    <subfield code="e">autor</subfield>
    <subfield code="a">Pantale&#xF3;n, Roberto</subfield>
  </datafield>
  <datafield tag="901" ind1=" " ind2=" ">
    <subfield code="a">{"1":"Pantale&#xF3;n"}</subfield>
    <subfield code="b">{"1":"Roberto"}</subfield>
  </datafield>
  <datafield tag="902" ind1=" " ind2=" ">
    <subfield code="a">1</subfield>
  </datafield>
  <datafield tag="903" ind1=" " ind2=" ">
    <subfield code="a">{"1":"De Dios Uriarte"}</subfield>
    <subfield code="b">{"1":"Juan"}</subfield>
  </datafield>
  <datafield tag="904" ind1=" " ind2=" ">
    <subfield code="a">M&#xE1;ster universitario oficial en</subfield>
  </datafield>
  <datafield tag="905" ind1=" " ind2=" ">
    <subfield code="a">Tecnolog&#xED;a aprendizaje y educaci&#xF3;n</subfield>
  </datafield>
  <datafield tag="906" ind1=" " ind2=" ">
    <subfield code="a">2</subfield>
  </datafield>
  <datafield tag="907" ind1=" " ind2=" ">
    <subfield code="a">NO APLICA</subfield>
  </datafield>
  <datafield tag="908" ind1=" " ind2=" ">
    <subfield code="a">NO APLICA</subfield>
  </datafield>
  <datafield tag="909" ind1=" " ind2=" ">
    <subfield code="a">Instituto Global de Altos Estudios en Ciencias Sociales (IGLOBAL)</subfield>
  </datafield>
  <datafield tag="910" ind1=" " ind2=" ">
    <subfield code="a">NULL</subfield>
    <subfield code="b">NULL</subfield>
  </datafield>
  <datafield tag="911" ind1=" " ind2=" ">
    <subfield code="a">["1"]</subfield>
  </datafield>
  <datafield tag="912" ind1=" " ind2=" ">
    <subfield code="a">Universidad del Pa&#xED;s Vasco/ Euskal Herriko Unibertsitatea (UPV/EHU) </subfield>
  </datafield>
  <datafield tag="913" ind1=" " ind2=" ">
    <subfield code="a">NULL</subfield>
  </datafield>
  <datafield tag="914" ind1=" " ind2=" ">
    <subfield code="a">01 de Junio de 2017</subfield>
  </datafield>
  <datafield tag="915" ind1=" " ind2=" ">
    <subfield code="a">06/11/19 09:11</subfield>
  </datafield>
  <datafield tag="916" ind1=" " ind2=" ">
    <subfield code="a">NULL</subfield>
  </datafield>
  <datafield tag="917" ind1=" " ind2=" ">
    <subfield code="a">NULL</subfield>
  </datafield>
  <datafield tag="918" ind1=" " ind2=" ">
    <subfield code="a">NO APLICA</subfield>
  </datafield>
  <datafield tag="919" ind1=" " ind2=" ">
    <subfield code="a">["8","107","304","173","296"]</subfield>
  </datafield>
  <datafield tag="520" ind1=" " ind2=" ">
    <subfield code="a">Esta investigaci&#xF3;n tuvo como&#xA0; objetivo fundamental, determinar la relaci&#xF3;n entre el nivel de depresi&#xF3;n y el uso de redes sociales en los estudiantes de 3er. y 4to. del nivel medio en el colegio Bautista Dominicano en Hato Mayor del Rey en la regi&#xF3;n este Rep&#xFA;blica Dominicana.La t&#xE9;cnica que se utiliz&#xF3; fue la&#xA0; entrevista, para la cual&#xA0; se aplicaron dos tipos de cuestionarios: el SA-45 para las variables psicopatol&#xF3;gicas y el ARS para el uso de redes sociales. La muestra es 93 adolescentes de Hato Mayor. La&#xA0; poblaci&#xF3;n de estudio estuvo conformada por 325 estudiantes de nivel medio, en donde la poblaci&#xF3;n de 3ro-A, 3ro-B y 4to-A es de 106 estudiantes, se eligi&#xF3; una muestra de 93 estudiantes de estos dos cursos de&#xA0; tres grupos escolares, de ambos sexo y en edades comprendida de 14 a 19 a&#xF1;os, en donde el 63% son mujeres y 37% son hombres.Como resultado final de este estudio se puede concluir que s&#xED;ntomas psicopatol&#xF3;gicos, sobre todo la depresi&#xF3;n, pueden influir en el uso de las redes sociales. Mantenerse en l&#xED;nea todo el tiempo puede ser una se&#xF1;al de alerta de que el adolescente este atravesando por situaciones emocionales dif&#xED;cil de manejar, entre los estudiantes del Colegio Bautista Dominicano al este de la Rep&#xFA;blica Dominicana en la provincia Hato Mayor del Rey.&#xA0; Se sugiere que&#xA0; incluyan&#xA0; estudios longitudinales que nos presenten la evoluci&#xF3;n de los peligros a los que se ven sometidos los adolescentes en el uso del internet y sobre todo las redes sociales.</subfield>
  </datafield>
  <datafield tag="921" ind1=" " ind2=" ">
    <subfield code="a">63</subfield>
  </datafield>
  <datafield tag="922" ind1=" " ind2=" ">
    <subfield code="a">63</subfield>
  </datafield>
  <datafield tag="923" ind1=" " ind2=" ">
    <subfield code="a">1</subfield>
  </datafield>
  <datafield tag="924" ind1=" " ind2=" ">
    <subfield code="a">20191101182000</subfield>
  </datafield>
  <datafield tag="942" ind1=" " ind2=" ">
    <subfield code="c">Tesis</subfield>
  </datafield>
  <datafield tag="999" ind1=" " ind2=" ">
    <subfield code="c">6274</subfield>
    <subfield code="d">6274</subfield>
  </datafield>
</record>
